Died Penniless - Statistics

General Stats
  • This quiz has been taken 14 times
  • The average score is 8 of 15
Answer Stats
Nationality Died Clue Answer % Correct
American 1969 Actor; played Dorothy Judy Garland
92%
American 2009 The "King of Pop" Michael Jackson
92%
Serbian-American 1943 Electrical engineer and inventor Nikola Tesla
92%
German 1974 Businessman; saved hundreds of Jews from the Holocaust Oskar Schindler
85%
Dutch 1890 Struggling painter; now highly acclaimed Vincent van Gogh
85%
American 1826 Third U.S. president Thomas Jefferson
77%
Hungarian-American 1956 Actor; played Dracula Bela Lugosi
62%
Irish 1900 Playwright who "died above his means" Oscar Wilde
62%
English 1718 Quaker and colony founder William Penn
62%
American 1981 The "Brown Bomber" Joe Louis
38%
Scottish 1902 "Worst" poet in British history William McGonagall
15%
American 1949 Tap dancer Bill "Bojangles" Robinson
8%
Swiss-American 1941 Auto company founder Louis-Joseph Chevrolet
8%
American 1860 Survived an iron rod being driven through his brain Phineas Gage
8%
American 1921 Went over Niagara Falls in a barrel Annie Edson Taylor
0%
No matching quizzes found
Score Distribution
Percent of People with Each Score
Percentile by Number Answered
Your Score History
You have not taken this quiz